000 00669nam a22001937a 4500
999 _c19717
_d19717
003 AR-CdUCM
008 190520b ||||| |||| 00| 0 spa d
040 _aMUNICIPALIDAD PROVINCIAL DEL CUSCO
_cBIBLIOTECA MUNICIPAL DEL CUSCO
082 _a617 /
_bC29
100 _aCastellanares zuniga, Marcelino
_941235
245 _aBajo los ojos del cirujano /
260 _aLima :
_bD. Miranda,
_c1955.
300 _a206 páginas ;
_c23 cm.
505 _a Contenido : Relatividad de la muerte --La vejez y la medicina -- Catarsis biológica...
650 _aExperiencias de un medico
_941236
650 _aEsencia del ser humano
_941237
942 _2ddc
_cLIBROS
945 _arcc